| 000 | 00577cam a2200193 a 4500 | ||
|---|---|---|---|
| 001 | 3086305 | ||
| 005 | 20250124132512.0 | ||
| 008 | 980223s1999 caua b 001 0 eng | ||
| 020 | _a0767402111 | ||
| 050 | 0 | 0 |
_aHQ10.5.U6 _bR53 1999 |
| 082 | 0 | 0 |
_a306.8 _221 |
| 100 | 1 | _aRice, F. Philip. | |
| 245 | 1 | 0 |
_aIntimate relationships, marriages, and families / _cF. Philip Rice. |
| 250 | _a4th ed. | ||
| 260 |
_aMountain View, CA : _bMayfield Pub. Co., _cc1999. |
||
| 300 |
_axxiii, 680 p. : _bill. ; _c24 cm. |
||
| 650 | 0 |
_aFamily life education _zUnited States. |
|
| 942 |
_2lcc _cBK _n0 |
||
| 999 |
_c3025 _d3025 |
||